Il diavolo in corpo /
Salvato in:
| Autore principale: | |
|---|---|
| Natura: | Libro |
| Lingua: | inglese |
| Pubblicazione: |
Roma
Tascabili economici Newton
1997
|
| Tags: |
Nessun Tag, puoi essere il primo ad aggiungerne!!
|
MARC
| LEADER | 00000nam a2200000 4500 | ||
|---|---|---|---|
| 001 | CDOM0000005163 | ||
| 003 | mi | ||
| 005 | 20250919170715.0 | ||
| 008 | 250919b |||||||| |||| 00| 0 eng d | ||
| 020 | |a 8879830074 | ||
| 040 | |c mi | ||
| 100 | |a Radiguet, Raymond | ||
| 245 | 1 | |a Il diavolo in corpo / |c Raymond Radiguet | |
| 260 | |a Roma |b Tascabili economici Newton |c 1997 | ||
| 300 | |a 97 p. |c 20 cm. | ||
| 410 | 0 | |a Tascabili economici Newton | |
| 942 | |2 ddc |c BK | ||
| 952 | |0 0 |1 0 |2 ddc |4 0 |6 B_LNR02RADRADIA11 |7 0 |9 7680 |a MI |b MI |d 2012-03-07 |i 3183 |l 0 |o B-LNR02-RADRA-DIA11 |p CDOM3183 |r 2025-07-13 16:28:00 |w 2025-07-13 |x DONO |y BK | ||
| 999 | |c 6358 |d 6358 | ||